[Event "Xtracon Grand Master 2015"]
[Site "Asgaard Skole, Koge"]
[Date "2015.10.15"]
[Round "4.1"]
[White "Miezis, Normunds"]
[Black "Chatalbashev, Boris"]
[Result "1-0"]
[WhiteElo "2494"]
[BlackElo "2550"]
[PlyCount "80"]
[EventDate "2015.??.??"]
[WhiteClock "0:04:07"]
[BlackClock "0:30:30"]

1. c4 c5 2. Nc3 g6 3. g3 Bg7 4. Bg2 Nc6 5. d3 e6 6. e4 Nge7 7. Nge2 O-O 8. O-O
d6 9. Be3 b6 10. d4 e5 11. dxe5 dxe5 12. Nd5 Nxd5 13. cxd5 Nd4 14. Nxd4 exd4
15. Bd2 f5 16. f3 Ba6 17. Re1 fxe4 18. fxe4 Be5 19. Bh6 Rf7 20. Rc1 Qd6 21. Qd2
c4 22. Bf4 Rxf4 23. gxf4 Bxf4 24. Qxd4 Bxh2+ 25. Kh1 Be5 26. Qe3 Bf4 27. Qc3
Bxc1 28. Rxc1 Re8 29. Rf1 Qe5 30. Kg1 Bb5 31. Qxe5 Rxe5 32. Rd1 Kf7 33. Kf2 Ke7
34. Ke3 Rg5 35. Bf3 Kd6 36. Kd4 h5 37. Re1 Re5 38. Be2 h4 39. Rf1 Rg5 40. Rf7
h3 1-0

[Event "Xtracon Grand Master 2015"]
[Site "Asgaard Skole, Koge"]
[Date "2015.10.15"]
[Round "4.2"]
[White "Rozentalis, Eduardas"]
[Black "Danielsen, Henrik"]
[Result "1/2-1/2"]
[WhiteElo "2541"]
[BlackElo "2509"]
[PlyCount "23"]
[EventDate "2015.??.??"]
[WhiteClock "1:20:54"]
[BlackClock "1:14:35"]

1. e4 d6 2. d4 Nf6 3. Nc3 g6 4. Nf3 Bg7 5. Be2 O-O 6. O-O Nc6 7. d5 Ne5 8. Nxe5
dxe5 9. Be3 e6 10. dxe6 Bxe6 11. Qxd8 Rfxd8 12. f3 1/2-1/2

[Event "Xtracon Grand Master 2015"]
[Site "Asgaard Skole, Koge"]
[Date "2015.10.15"]
[Round "4.4"]
[White "Blomqvist, Erik"]
[Black "Antonsen, Mikkel Djernæs"]
[Result "1/2-1/2"]
[WhiteElo "2530"]
[BlackElo "2459"]
[PlyCount "66"]
[EventDate "2015.??.??"]
[WhiteClock "0:41:14"]
[BlackClock "0:56:28"]

1. Nf3 d5 2. c4 e6 3. g3 Nf6 4. Bg2 Be7 5. d4 O-O 6. O-O dxc4 7. Qc2 a6 8. a4
Bd7 9. Qxc4 Bc6 10. Bg5 h6 11. Bxf6 Bxf6 12. Nc3 Bxf3 13. Bxf3 c6 14. e3 a5 15.
b4 axb4 16. Qxb4 Ra7 17. a5 Nd7 18. Rfb1 Qe7 19. Qxe7 Bxe7 20. a6 bxa6 21. Bxc6
Nb8 22. Nb5 Nxc6 23. Nxa7 Nxa7 24. Rxa6 Nc8 25. Rb7 Re8 26. e4 Bf8 27. Ra8 Nd6
28. Rxe8 Nxe8 29. e5 h5 30. h3 g5 31. Kg2 g4 32. f3 gxf3+ 33. Kxf3 Bh6 1/2-1/2

[Event "Xtracon Grand Master 2015"]
[Site "Asgaard Skole, Koge"]
[Date "2015.10.15"]
[Round "4.5"]
[White "Percivaldi, Martin"]
[Black "Hagen, Andreas Skytte"]
[Result "1/2-1/2"]
[WhiteElo "2246"]
[BlackElo "2396"]
[PlyCount "117"]
[EventDate "2015.??.??"]
[WhiteClock "0:15:06"]
[BlackClock "0:08:12"]

1. d4 Nf6 2. c4 e6 3. Nf3 d5 4. Nc3 Bb4 5. cxd5 exd5 6. Bg5 h6 7. Bh4 c5 8.
dxc5 Nbd7 9. e3 Qa5 10. Rc1 Ne4 11. Be2 O-O 12. Qxd5 Ndxc5 13. O-O Be6 14. Qd4
Bxc3 15. bxc3 Qxa2 16. Bd3 Nxd3 17. Qxd3 Qc4 18. Qxc4 Bxc4 19. Rfd1 Rac8 20.
Rd4 Rfe8 21. Nd2 Nxd2 22. Rxd2 Re5 23. Bg3 Rb5 24. h3 Be6 25. Bd6 a5 26. Rd4
Bc4 27. Ra1 b6 28. Rd2 f6 29. Ba3 Rb3 30. Bb2 Kf7 31. Ra3 Rb5 32. Ra4 Ke6 33.
f3 Rd5 34. Rxd5 Kxd5 35. Ra1 Bb3 36. Kf2 Kc4 37. Ke2 Rd8 38. g4 Bc2 39. Rg1 Kb3
40. Ba1 Ka2 41. c4 Bd3+ 42. Kf2 Bxc4 43. Bd4 Rxd4 44. exd4 Kb2 45. Rd1 a4 46.
d5 a3 47. d6 Bb5 48. d7 Bxd7 49. Rxd7 a2 50. Rd2+ Kb1 51. Rd1+ Kb2 52. Rd2+ Kb1
53. Rd1+ Kc2 54. Ke2 b5 55. Rd2+ Kb3 56. Rd3+ Kb2 57. Rd2+ Kb3 58. Rd3+ Kb2 59.
Rd2+ 1/2-1/2

[Event "Xtracon Grand Master 2015"]
[Site "Asgaard Skole, Koge"]
[Date "2015.10.15"]
[Round "4.7"]
[White "Pedersen, Henrik Dahl"]
[Black "Fier, Alexandr"]
[Result "0-1"]
[WhiteElo "2199"]
[BlackElo "2624"]
[PlyCount "106"]
[EventDate "2015.??.??"]
[WhiteClock "0:18:42"]
[BlackClock "0:40:51"]

1. d4 Nf6 2. Bg5 Ne4 3. Bf4 c5 4. e3 Qb6 5. Nc3 Nxc3 6. bxc3 Qb2 7. Ne2 cxd4 8.
exd4 Qa3 9. g3 d5 10. Bg2 e6 11. O-O Nc6 12. c4 dxc4 13. d5 exd5 14. Nd4 Qc5
15. Be3 Nxd4 16. Bxd4 Qc6 17. Qh5 Be6 18. Rab1 b6 19. a4 O-O-O 20. Rb5 f6 21.
Rfb1 Kc7 22. a5 Bc5 23. Bxc5 bxc5 24. a6 Bc8 25. Bh3 Kd6 26. Bxc8 Qxc8 27. Rb7
Rd7 28. Rd1 Kc6 29. Qf3 Rhd8 30. Rdb1 Kd6 31. Qf4+ Ke7 32. Qf5 Qc6 33. Qxh7 Kd6
34. Qf5 Qxa6 35. Qf4+ Kc6 36. Rxd7 Rxd7 37. Qb8 d4 38. Qe8 Kd6 39. Re1 Kc7 40.
Rb1 d3 41. Qb8+ Kc6 42. Qa8+ Kd6 43. Qb8+ Kd5 44. c3 Qd6 45. Qg8+ Qe6 46. Qa8+
Kd6 47. Qf8+ Qe7 48. Qb8+ Rc7 49. Qg8 d2 50. Kf1 Qe4 51. Qf8+ Re7 52. Qb8+ Ke6
53. Qg8+ Kd7 0-1

[Event "Xtracon Grand Master 2015"]
[Site "Asgaard Skole, Koge"]
[Date "2015.10.15"]
[Round "4.8"]
[White "Bekker-Jensen, Simon"]
[Black "Andreasen, Henrik"]
[Result "1-0"]
[WhiteElo "2438"]
[BlackElo "2219"]
[PlyCount "55"]
[EventDate "2015.??.??"]
[WhiteClock "0:34:37"]
[BlackClock "0:29:19"]

1. c4 e5 2. Nc3 Nc6 3. Nf3 g6 4. g3 Bg7 5. Bg2 Nge7 6. O-O O-O 7. Rb1 a5 8. a3
d6 9. b4 axb4 10. axb4 Bf5 11. d3 Qd7 12. Re1 h6 13. b5 Na5 14. Bd2 e4 15. dxe4
Be6 16. Nd5 Nxc4 17. Bxh6 Bxd5 18. Bxg7 Kxg7 19. exd5 Na3 20. Rb4 Nxb5 21. Qd2
c6 22. dxc6 bxc6 23. Ne5 Qc7 24. Nxc6 Nxc6 25. Rxb5 Rac8 26. Bxc6 Qxc6 27. Qd4+
Kg8 28. Rb6 1-0

[Event "Xtracon Grand Master 2015"]
[Site "Asgaard Skole, Koge"]
[Date "2015.10.15"]
[Round "4.9"]
[White "Høi, Carsten"]
[Black "Pedersen, Jan Nordenbæk"]
[Result "1/2-1/2"]
[WhiteElo "2377"]
[BlackElo "2196"]
[PlyCount "38"]
[EventDate "2015.??.??"]
[WhiteClock "0:43:56"]
[BlackClock "0:46:23"]

1. d4 d5 2. c4 c6 3. Nf3 Nf6 4. e3 e6 5. Nbd2 Nbd7 6. Bd3 Be7 7. O-O O-O 8. b3
b6 9. Bb2 Bb7 10. Qe2 c5 11. Rfd1 Rc8 12. Rac1 Rc7 13. e4 dxe4 14. Nxe4 Qa8 15.
Re1 Nxe4 16. Bxe4 Bxe4 17. Qxe4 Qxe4 18. Rxe4 Bf6 19. Rd1 Rd8 1/2-1/2

[Event "Xtracon Grand Master 2015"]
[Site "Asgaard Skole, Koge"]
[Date "2015.10.15"]
[Round "4.10"]
[White "Jacobsen, Mikkel Manosri"]
[Black "Andersen, Rune"]
[Result "0-1"]
[WhiteElo "2331"]
[BlackElo "2103"]
[PlyCount "90"]
[EventDate "2015.??.??"]
[WhiteClock "0:21:57"]
[BlackClock "0:26:36"]

1. d4 d5 2. c4 c6 3. Nc3 Nf6 4. Bg5 e6 5. e3 Nbd7 6. cxd5 exd5 7. Bd3 Be7 8.
Qc2 O-O 9. Nge2 Re8 10. O-O Nf8 11. f3 Ng6 12. e4 dxe4 13. fxe4 Ng4 14. Bd2 Bg5
15. h3 Be3+ 16. Kh1 Qg5 17. Be1 c5 18. Bc4 Be6 19. d5 Bd7 20. Bb5 Bxb5 21. Nxb5
Rad8 22. Rf5 Qh6 23. Bg3 Nh4 24. Rff1 c4 25. Nc7 Re7 26. d6 Red7 27. Nd5 Rxd6
28. Rf4 Bxf4 29. Bxf4 Qe6 30. hxg4 Rxd5 31. exd5 Qxd5 32. Nc3 Qc6 33. Bg5 Rd3
34. Kg1 Qc5+ 35. Qf2 Qxg5 36. Re1 h5 37. Re8+ Kh7 38. Qxf7 Ng6 39. gxh5 Qc5+
40. Qf2 Qxh5 41. Re4 b5 42. Qe1 b4 43. Ne2 Qd5 44. Nf4 Nxf4 45. Qh4+ Nh5 0-1

[Event "Xtracon Grand Master 2015"]
[Site "Asgaard Skole, Koge"]
[Date "2015.10.15"]
[Round "4.11"]
[White "Nielsen, Rógvi Egilstoft"]
[Black "Larsen, Preben R"]
[Result "1/2-1/2"]
[WhiteElo "2301"]
[BlackElo "1844"]
[PlyCount "88"]
[EventDate "2015.??.??"]
[WhiteClock "0:16:34"]
[BlackClock "0:13:41"]

1. e4 e5 2. Bc4 Nc6 3. Nc3 d6 4. d3 Nf6 5. Nge2 Be6 6. Bb3 Be7 7. f4 Bxb3 8.
axb3 d5 9. exd5 Nxd5 10. O-O O-O 11. Kh1 Nxf4 12. Bxf4 exf4 13. Nxf4 Bd6 14.
Qh5 h6 15. Ne4 Bxf4 16. Rxf4 Ne7 17. Raf1 Ng6 18. R4f3 Qe7 19. Ng3 Rae8 20. Qd5
c6 21. Qa5 a6 22. Nf5 Qe5 23. Qa3 Re6 24. Qb4 Rf6 25. Nxh6+ Kh7 26. Rxf6 gxf6
27. Nf5 Qe2 28. Ng3 Qxc2 29. Qd4 Qxb3 30. Ne4 Qe6 31. Rxf6 Qe5 32. Qf2 Kg7 33.
h3 Ne7 34. Qf3 Ng6 35. Rf5 Qxb2 36. Nd6 Qb3 37. Rg5 Rd8 38. Nf5+ Kf8 39. Rg3
Qe6 40. Qh5 Qe1+ 41. Kh2 Qe5 42. d4 Qf4 43. Kh1 Qf1+ 44. Kh2 Qf4 1/2-1/2

[Event "Xtracon Grand Master 2015"]
[Site "Asgaard Skole, Koge"]
[Date "2015.10.15"]
[Round "4.12"]
[White "Pedersen, Hans Dahl"]
[Black "Bekker-Jensen, David"]
[Result "1-0"]
[WhiteElo "2187"]
[BlackElo "2287"]
[PlyCount "71"]
[EventDate "2015.??.??"]
[WhiteTeam "Køge Skakklub"]
[BlackTeam "Philidor"]

1. c4 g6 2. g3 Bg7 3. Bg2 Nc6 4. Nc3 d6 5. d3 e5 6. e4 h5 7. h4 Nd4 8. Bg5 f6
9. Be3 c5 10. Qd2 a6 11. b4 cxb4 12. Nd5 Bh6 13. f4 a5 14. Ne2 Nxe2 15. Bb6 Qd7
16. Qxe2 Kf7 17. fxe5 dxe5 18. O-O Qc6 19. Qf2 Bg4 20. Rae1 Bg7 21. Bc7 Qe6 22.
Qc5 Ne7 23. Nxf6 Bxf6 24. Bxe5 Rhc8 25. Qb5 Kg8 26. Rxf6 Qd7 27. Qxd7 Bxd7 28.
Bd6 Nc6 29. Rxg6+ Kf7 30. Rg5 Bg4 31. Rf1+ Ke6 32. Rf6+ Kd7 33. Rf7+ Ke8 34.
Rf8+ Kd7 35. Rf7+ Ke8 36. Rh7 1-0

[Event "Xtracon Grand Master 2015"]
[Site "Asgaard Skole, Koge"]
[Date "2015.10.15"]
[Round "4.13"]
[White "Mølvig, Henrik"]
[Black "Korneev, Oleg"]
[Result "0-1"]
[WhiteElo "2125"]
[BlackElo "2594"]
[PlyCount "100"]
[EventDate "2015.??.??"]
[WhiteTeam "Roskilde Skakklub"]

1. d4 d5 2. c4 dxc4 3. Nf3 Nf6 4. e3 a6 5. Bxc4 e6 6. O-O b5 7. Bb3 Bb7 8. a4
b4 9. Nbd2 Nbd7 10. Re1 c5 11. e4 cxd4 12. e5 Nd5 13. Nc4 Nc5 14. Bg5 Qd7 15.
Bc2 h6 16. Bh4 d3 17. Bxd3 Nxd3 18. Qxd3 Bc5 19. Na5 O-O 20. Rac1 Bb6 21. Nxb7
Qxb7 22. Rc4 Rac8 23. Rg4 Bd8 24. Qe4 Qc6 25. Nd4 Qxa4 26. Bxd8 Rfxd8 27. f4
Ne7 28. f5 exf5 29. Nxf5 Nxf5 30. Qxf5 Qc6 31. e6 Qb6+ 32. Kh1 Qxe6 33. Qxe6
fxe6 34. h3 a5 35. Rxe6 Kf7 36. Re5 Ra8 37. Rf4+ Kg8 38. b3 Rd3 39. Rf3 Rxf3
40. gxf3 Kf7 41. Kg2 Kf6 42. Rb5 Ke6 43. Rb7 g5 44. Kg3 Kd5 45. Rd7+ Kc6 46.
Rh7 a4 47. Rxh6+ Kc5 48. bxa4 b3 49. Rg6 Rb8 50. Rxg5+ Kd6 0-1

[Event "Xtracon Grand Master 2015"]
[Site "Asgaard Skole, Koge"]
[Date "2015.10.15"]
[Round "4.14"]
[White "Kristiansen, Jens"]
[Black "Doluhanova, Evgeniya"]
[Result "1-0"]
[WhiteElo "2431"]
[BlackElo "2216"]
[PlyCount "69"]
[EventDate "2015.??.??"]
[WhiteTeam "Bornholms Skakklub"]

1. d4 Nf6 2. c4 e6 3. Nc3 Bb4 4. e3 O-O 5. Bd3 d6 6. Nge2 e5 7. O-O Bxc3 8.
Nxc3 Nc6 9. d5 Ne7 10. f3 Nd7 11. Bc2 f5 12. f4 exf4 13. exf4 Nf6 14. Be3 Ng4
15. Bd4 c5 16. dxc6 Nxc6 17. h3 Nf6 18. Bf2 Be6 19. Re1 Bxc4 20. Bxf5 Qa5 21.
Bc2 d5 22. Rc1 d4 23. Ne4 Kh8 24. Nd6 Bg8 25. Nxb7 Qxa2 26. Ba4 Nd8 27. Nc5
Qxb2 28. Bxd4 Qa2 29. Re7 Qd5 30. Nd7 Ne6 31. Bxf6 Qxd1+ 32. Rxd1 gxf6 33. Nxf8
Rxf8 34. g3 a6 35. Bb3 1-0

[Event "Xtracon Grand Master 2015"]
[Site "Asgaard Skole, Koge"]
[Date "2015.10.15"]
[Round "4.16"]
[White "Larsen, Ulrik"]
[Black "Nielsen, Høgni Egilstoft"]
[Result "0-1"]
[WhiteElo "1996"]
[BlackElo "2314"]
[PlyCount "96"]
[EventDate "2015.??.??"]
[WhiteTeam "Køge Skakklub"]

1. e4 e5 2. Nf3 Nc6 3. Bb5 a6 4. Bxc6 dxc6 5. O-O Bg4 6. h3 h5 7. d3 Qf6 8. Be3
Bxf3 9. Qxf3 Qxf3 10. gxf3 Bd6 11. Nd2 Ne7 12. Rfb1 Ng6 13. Kf1 Nf8 14. b4 Ne6
15. c3 O-O 16. Nc4 f5 17. Ke2 Rf7 18. Rg1 Kh7 19. Na5 f4 20. Bd2 Bxb4 21. cxb4
Nd4+ 22. Kd1 Nxf3 23. Ke2 Nd4+ 24. Kd1 Nf3 25. Kc2 b6 26. Nxc6 Rf6 27. Nxe5
Nxe5 28. Bc3 Rc6 29. Rg5 Nf3 30. Rxh5+ Kg6 31. Rd5 Rh8 32. Rh1 Rd6 33. Rf5 Rh4
34. Be5 Re6 35. Bb2 Kh6 36. Rf7 Rg6 37. Rxc7 Rg2 38. Rc6+ Kh7 39. Rxb6 Rxf2+
40. Kb3 Nd2+ 41. Kc3 f3 42. Rb7 Rh6 43. Rc7 Rg6 44. Bc1 Rf1 45. Rxf1 Nxf1 46.
Rf7 Rf6 47. Rxf6 gxf6 48. Bf4 f2 0-1

[Event "Xtracon Grand Master 2015"]
[Site "Asgaard Skole, Koge"]
[Date "2015.10.15"]
[Round "4.17"]
[White "Nielsen, Morten Majlund"]
[Black "Eriksson, Christian Altenburg"]
[Result "0-1"]
[WhiteElo "1980"]
[BlackElo "2215"]
[PlyCount "72"]
[EventDate "2015.??.??"]
[WhiteTeam "Skakforeningen Odysseus"]
[BlackTeam "Tåstrup Skakforening"]

1. e4 c5 2. Nf3 Nc6 3. d4 cxd4 4. Nxd4 e5 5. Nb5 d6 6. N1c3 a6 7. Na3 b5 8. Nd5
Nge7 9. Bg5 f6 10. Be3 Nxd5 11. Qxd5 Bb7 12. c4 b4 13. Qe6+ Qe7 14. Qxe7+ Nxe7
15. Nc2 Bxe4 16. Nxb4 a5 17. Nd3 Nf5 18. Kd2 Nxe3 19. Kxe3 Bc6 20. Re1 g6 21.
f3 d5 22. cxd5 Bxd5 23. b3 a4 24. bxa4 Rxa4 25. Be2 Bh6+ 26. Kf2 O-O 27. Rb1
Rc8 28. Rhd1 Bxa2 29. Rb6 Bg7 30. Nb4 Bf8 31. Nd3 f5 32. Rb7 Ra5 33. Nb4 Be6
34. Rd2 Bc5+ 35. Kf1 Ra1+ 36. Bd1 Rb1 0-1

[Event "Xtracon Grand Master 2015"]
[Site "Asgaard Skole, Koge"]
[Date "2015.10.15"]
[Round "4.18"]
[White "Anghel, Mihai Ursta"]
[Black "Hartung-Nielsen, Jens"]
[Result "0-1"]
[WhiteElo "1929"]
[BlackElo "2183"]
[PlyCount "50"]
[EventDate "2015.??.??"]
[WhiteTeam "Skakforeningen ØBRO"]
[BlackTeam "Jernbanens Skakklub"]

1. e4 c5 2. Nf3 g6 3. d4 cxd4 4. Nxd4 Bg7 5. Nc3 Nc6 6. Be3 Nf6 7. Bc4 Qa5 8.
O-O O-O 9. f4 Qb4 10. Qd3 Ng4 11. Nxc6 bxc6 12. Bd4 d5 13. Bxg7 dxc4 14. Qd4 c5
15. Qd5 Be6 16. Qg5 f6 17. Qh4 Kxg7 18. f5 Ne3 19. fxe6 Nxf1 20. Rxf1 Qxb2 21.
Nd5 Qd4+ 22. Kh1 Rae8 23. c3 Qe5 24. Rd1 Rd8 25. Nxe7 Rxd1+ 0-1

[Event "Xtracon Grand Master 2015"]
[Site "Asgaard Skole, Koge"]
[Date "2015.10.15"]
[Round "4.19"]
[White "Bojesen, Villads Ussing"]
[Black "Bruun, Henrik Emil"]
[Result "0-1"]
[WhiteElo "1929"]
[BlackElo "2115"]
[PlyCount "54"]
[EventDate "2015.??.??"]
[WhiteTeam "Skakforeningen ØBRO"]
[BlackTeam "Nørrebro Skakklub"]

1. e4 d6 2. d4 Nf6 3. Nc3 g6 4. Be3 c6 5. Qd2 b5 6. a3 Nbd7 7. Nf3 Qa5 8. e5
dxe5 9. dxe5 Ng4 10. Bd4 Bh6 11. Qd1 Bg7 12. e6 Ndf6 13. exf7+ Kxf7 14. h3 Rd8
15. hxg4 Bxg4 16. Ne5+ Kg8 17. Nxg4 Nxg4 18. Qxg4 Rxd4 19. Qh3 b4 20. Qxh7+ Kf8
21. Nd1 bxa3+ 22. c3 axb2 23. Rxa5 Rxd1+ 24. Kxd1 b1=Q+ 25. Ke2 Qe4+ 26. Kd1
Rd8+ 27. Kc1 Qe1+ 0-1

[Event "Xtracon Grand Master 2015"]
[Site "Asgaard Skole, Koge"]
[Date "2015.10.15"]
[Round "4.20"]
[White "Wang, Peter"]
[Black "Chittka, Julius"]
[Result "0-1"]
[WhiteElo "1888"]
[BlackElo "2053"]
[PlyCount "84"]
[EventDate "2015.??.??"]
[WhiteTeam "Køge Skakklub"]

1. e4 c5 2. Nf3 Nc6 3. d4 cxd4 4. Nxd4 g6 5. Nc3 Bg7 6. Be3 Nf6 7. Be2 O-O 8.
Qd2 d5 9. exd5 Nxd5 10. Nxd5 Nxd4 11. Bxd4 Qxd5 12. Bxg7 Qxg2 13. Bxf8 Qxh1+
14. Bf1 Qe4+ 15. Be2 Bh3 16. O-O-O Rxf8 17. Bd3 Qc6 18. Qe3 Be6 19. Kb1 b6 20.
f4 Qc5 21. Re1 Qxe3 22. Rxe3 Kg7 23. b3 Rd8 24. Kb2 Kf6 25. Kc3 Rd5 26. Re2 Bf5
27. Bc4 Rd1 28. Rf2 Rd7 29. a4 e5 30. fxe5+ Kxe5 31. Rf1 f6 32. Rf2 Be4 33. Kb4
f5 34. Bb5 a5+ 35. Kc3 Rd8 36. Bc4 f4 37. Bf1 f3 38. Bd3 Bxd3 39. cxd3 Kf4 40.
Kd2 g5 41. Rf1 Re8 42. Rf2 g4 0-1

[Event "Xtracon Grand Master 2015"]
[Site "Asgaard Skole, Koge"]
[Date "2015.10.15"]
[Round "4.21"]
[White "Mølvig, Julius"]
[Black "Nielsen, Jan Mose"]
[Result "1/2-1/2"]
[WhiteElo "1879"]
[BlackElo "2014"]
[PlyCount "61"]
[EventDate "2015.??.??"]
[WhiteTeam "Roskilde Skakklub"]
[BlackTeam "Tåstrup Skakforening"]

1. d4 Nf6 2. c4 e6 3. Nf3 c5 4. d5 b5 5. cxb5 Bb7 6. dxe6 fxe6 7. e3 d5 8. Be2
Bd6 9. O-O Qe7 10. Re1 O-O 11. b3 Nbd7 12. Bb2 e5 13. Bf1 Ng4 14. Nc3 Ndf6 15.
g3 e4 16. Nd2 h5 17. Bg2 Ne5 18. Re2 Nd3 19. Qc2 Ng4 20. Rf1 h4 21. Nd1 Nxh2
22. Kxh2 hxg3+ 23. fxg3 Qh4+ 24. Kg1 Qxg3 25. Rxf8+ Rxf8 26. Nf1 Qg6 27. Nf2
Bc8 28. Qd2 Bg4 29. Nxg4 Qxg4 30. Nh2 Qg3 31. Nf1 1/2-1/2

[Event "Xtracon Grand Master 2015"]
[Site "Asgaard Skole, Koge"]
[Date "2015.10.15"]
[Round "4.22"]
[White "Henriksen, Kasper"]
[Black "Martinez Vestergaard, Kristian"]
[Result "1-0"]
[WhiteElo "2158"]
[BlackElo "1891"]
[PlyCount "93"]
[EventDate "2015.??.??"]
[WhiteTeam "Køge Skakklub"]

1. d4 Nf6 2. c4 g6 3. Nc3 Bg7 4. e4 d6 5. h3 O-O 6. Bg5 c5 7. d5 a6 8. Bd3 e6
9. a4 exd5 10. cxd5 Nbd7 11. Nf3 Qe8 12. O-O Ne5 13. Nxe5 Qxe5 14. Qd2 Re8 15.
Rae1 Bd7 16. Bf4 Qd4 17. b3 Bf8 18. Kh1 Nh5 19. Be3 Qb4 20. g4 Bg7 21. Nb1 Qxd2
22. Nxd2 Nf6 23. Bf4 Bf8 24. Nc4 b5 25. Nxd6 Reb8 26. a5 Bxd6 27. Bxd6 Rc8 28.
Be5 Ne8 29. Rc1 c4 30. bxc4 bxc4 31. Rxc4 Rxc4 32. Bxc4 Rc8 33. Bxa6 Ra8 34.
Bd3 Rxa5 35. Ra1 Rxa1+ 36. Bxa1 f6 37. f4 Kf7 38. e5 fxe5 39. fxe5 Ba4 40. Bc4
Ke7 41. Kg2 Ng7 42. Kf3 Bc2 43. Bc3 Ne8 44. d6+ Nxd6 45. Bb4 Kd7 46. exd6 Ba4
47. g5 1-0

[Event "Xtracon Grand Master 2015"]
[Site "Asgaard Skole, Koge"]
[Date "2015.10.15"]
[Round "4.23"]
[White "Lauritsen, Niels"]
[Black "Marthedal, Anton Mehmet Yildiz"]
[Result "1-0"]
[WhiteElo "2109"]
[BlackElo "1866"]
[PlyCount "25"]
[EventDate "2015.??.??"]
[WhiteTeam "Skakforeningen ØBRO"]
[BlackTeam "BMS Skak"]

1. d4 Nf6 2. Nc3 d5 3. Bg5 e6 4. e4 dxe4 5. Nxe4 Be7 6. Bxf6 Bxf6 7. Nxf6+ Qxf6
8. Nf3 b6 9. Bb5+ c6 10. Bd3 O-O 11. O-O Nd7 12. Qe2 c5 13. Qe4 1-0

[Event "Xtracon Grand Master 2015"]
[Site "Asgaard Skole, Koge"]
[Date "2015.10.15"]
[Round "4.24"]
[White "Rasmussen, Henning"]
[Black "Lauritsen, Martin Lee"]
[Result "0-1"]
[WhiteElo "1800"]
[BlackElo "2097"]
[PlyCount "64"]
[EventDate "2015.??.??"]
[WhiteTeam "Nykøbing Sjælland Skakklub"]
[BlackTeam "Tåstrup Skakforening"]

1. d4 Nf6 2. c4 c5 3. d5 b5 4. cxb5 a6 5. bxa6 g6 6. Nc3 Bxa6 7. e4 Bxf1 8.
Kxf1 d6 9. g3 Bg7 10. Kg2 O-O 11. Nf3 Nbd7 12. h3 Qa5 13. Qc2 Rfb8 14. Bd2 Qa6
15. Rhe1 Nb6 16. b3 c4 17. b4 Na4 18. a3 Nd7 19. Ra2 Ndb6 20. Nxa4 Nxa4 21. e5
Qb5 22. Qe4 Nb6 23. Nd4 Qxd5 24. Qxd5 Nxd5 25. Nf3 c3 26. Bf4 dxe5 27. Bxe5
Bxe5 28. Nxe5 Nxb4 29. Rae2 Rxa3 30. Nc4 Ra2 31. Rxe7 Nd3 32. R1e2 c2 0-1

[Event "Xtracon Grand Master 2015"]
[Site "Asgaard Skole, Koge"]
[Date "2015.10.15"]
[Round "4.25"]
[White "Moe, Mogens"]
[Black "Rendlev, Niels Møller"]
[Result "1-0"]
[WhiteElo "2082"]
[BlackElo "1777"]
[PlyCount "33"]
[EventDate "2015.??.??"]
[WhiteTeam "Sjælsø Skakklub"]
[BlackTeam "Frederiksberg Skakforening"]

1. e4 e6 2. d4 d5 3. Nd2 c5 4. exd5 Qxd5 5. Ngf3 cxd4 6. Bc4 Qd8 7. O-O Nc6 8.
Nb3 Nf6 9. Nbxd4 Bd7 10. Qe2 Nxd4 11. Nxd4 Qb6 12. c3 Be7 13. Be3 Bc5 14. b4
Bxd4 15. Bxd4 Qd8 16. Rad1 b6 17. Bxf6 1-0

[Event "Xtracon Grand Master 2015"]
[Site "Asgaard Skole, Koge"]
[Date "2015.10.15"]
[Round "4.26"]
[White "Kirkebække, Mark"]
[Black "Hansen, Lars-Henrik Bech"]
[Result "1-0"]
[WhiteElo "1759"]
[BlackElo "1956"]
[PlyCount "61"]
[EventDate "2015.??.??"]
[WhiteTeam "Tåstrup Skakforening"]
[BlackTeam "BMS Skak"]

1. e4 g6 2. d4 d6 3. f4 Bg7 4. Nf3 Nf6 5. Nc3 O-O 6. Bc4 c5 7. e5 Ng4 8. dxc5
dxe5 9. Qxd8 Rxd8 10. Nd5 Nd7 11. Nxe7+ Kf8 12. Nxc8 Raxc8 13. h3 Rxc5 14. Bb3
Nh6 15. Be3 Ra5 16. O-O-O Nf5 17. Bd2 Ra6 18. Bb4+ Ke8 19. Ng5 Nh6 20. fxe5
Nxe5 21. Rde1 Kd7 22. Rhf1 Kc8 23. Nxh7 Rc6 24. Kb1 Nc4 25. Bxc4 Rxc4 26. Be7
Rd2 27. Rc1 Nf5 28. g4 Nxe7 29. Rxf7 Bh6 30. Rxe7 Rcxc2 31. Rxc2+ 1-0

[Event "Xtracon Grand Master 2015"]
[Site "Asgaard Skole, Koge"]
[Date "2015.10.15"]
[Round "4.27"]
[White "Philipsen, William Hørup"]
[Black "Hein, Jacob"]
[Result "1-0"]
[WhiteElo "1955"]
[BlackElo "1415"]
[PlyCount "41"]
[EventDate "2015.??.??"]
[WhiteTeam "BMS Skak"]
[BlackTeam "Espergærde Skakklub"]

1. e4 e5 2. d4 Nc6 3. d5 Na5 4. Nf3 Qe7 5. Bd2 b6 6. Nc3 Nf6 7. d6 cxd6 8. Bg5
Qd8 9. Nb5 Nb7 10. Bc4 Be7 11. Bxf6 gxf6 12. Nh4 Na5 13. Bxf7+ Kxf7 14. Qd5+
Ke8 15. Qxa8 a6 16. Nc3 Qc7 17. Nd5 Qxc2 18. O-O Kf7 19. Nxe7 Kxe7 20. Nf5+ Kf7
21. Rac1 1-0

[Event "Xtracon Grand Master 2015"]
[Site "Asgaard Skole, Koge"]
[Date "2015.10.15"]
[Round "4.28"]
[White "Smidt-Nielsen, Henrik"]
[Black "Tolba, Henri"]
[Result "1-0"]
[WhiteElo "1908"]
[BlackElo "1717"]
[PlyCount "99"]
[EventDate "2015.??.??"]
[WhiteTeam "Køge Skakklub"]
[BlackTeam "Hvidovre Skakklub"]

1. Nf3 d5 2. c4 c6 3. d4 Nf6 4. g3 dxc4 5. Bg2 e6 6. a4 Bb4+ 7. Bd2 Qe7 8. O-O
O-O 9. Qc2 Nbd7 10. Qxc4 Bxd2 11. Nbxd2 e5 12. e3 Nb6 13. Qc2 exd4 14. Nxd4 Bg4
15. h3 Be6 16. a5 Nc8 17. a6 Nd6 18. axb7 Nxb7 19. Nxe6 fxe6 20. Qxc6 Nc5 21.
Ra2 Rac8 22. Qb5 Rcd8 23. Nc4 Nce4 24. Qa4 Qc7 25. Qa6 Nd6 26. Nxd6 Rxd6 27.
Qxa7 Qxa7 28. Rxa7 Rd2 29. Rb7 Nd5 30. Bxd5 exd5 31. b4 d4 32. exd4 Rxd4 33. b5
Rd2 34. f4 Re8 35. Rf2 Rd1+ 36. Kg2 Ree1 37. b6 Rg1+ 38. Kf3 Rd3+ 39. Ke4 Rgxg3
40. Re2 Rxh3 41. Rc7 Rd8 42. b7 Re8+ 43. Kd4 Rd8+ 44. Kc4 Rh1 45. Ree7 Rhd1 46.
Rxg7+ Kf8 47. Rxh7 Kg8 48. Rhd7 Rc1+ 49. Kb3 Rxd7 50. b8=Q+ 1-0

[Event "Xtracon Grand Master 2015"]
[Site "Asgaard Skole, Koge"]
[Date "2015.10.15"]
[Round "4.29"]
[White "Petersen, Peter Birk"]
[Black "Jensen, Tommy"]
[Result "1-0"]
[WhiteElo "2179"]
[BlackElo "1849"]
[PlyCount "53"]
[EventDate "2015.??.??"]
[WhiteTeam "Tåstrup Skakforening"]
[BlackTeam "Egedal-Jyllinge Skakklub"]

1. e4 e5 2. Nf3 Nc6 3. Bb5 d6 4. c3 Bd7 5. O-O Nf6 6. Re1 Be7 7. d4 exd4 8.
cxd4 O-O 9. Nc3 Bg4 10. Be3 a6 11. Bd3 Nb4 12. Be2 d5 13. e5 Ne4 14. a3 Nxc3
15. bxc3 Nc6 16. c4 dxc4 17. Bxc4 Bxf3 18. gxf3 Bg5 19. f4 Bh6 20. Qg4 Nxd4 21.
f5 Bxe3 22. Rxe3 Nxf5 23. Qxf5 Qd4 24. Rc1 b5 25. Bb3 g6 26. Qg5 c5 27. Rd1 1-0

[Event "Xtracon Grand Master 2015"]
[Site "Asgaard Skole, Koge"]
[Date "2015.10.15"]
[Round "4.30"]
[White "Jacobsen, Heidrikur T"]
[Black "Gottschalck, Christian"]
[Result "1-0"]
[WhiteElo "1963"]
[BlackElo "1817"]
[PlyCount "51"]
[EventDate "2015.??.??"]
[BlackTeam "Nørresundby Skakklub"]

1. Nf3 Nf6 2. d4 e6 3. c4 b6 4. Nc3 Bb7 5. Bf4 Bb4 6. Qc2 O-O 7. e3 d6 8. Bd3
Bxc3+ 9. bxc3 d5 10. cxd5 exd5 11. Bg5 h6 12. Bh4 Re8 13. Ne5 Rf8 14. Qe2 Qd6
15. Bxf6 Qxf6 16. Qh5 Qg5 17. Qxg5 hxg5 18. h4 f6 19. Ng6 Re8 20. hxg5 fxg5 21.
Ne5 Nc6 22. Nf3 g4 23. Ng5 Bc8 24. Bg6 Re7 25. Kd2 Bd7 26. Rh4 1-0